000 00986nas a2200337 4500
001 BR2014001287
003 BR-BrBNA
005 20231205123759.0
007 ta
008 230509b bl.|||p| |||| 00| 00por d
040 _aBR-BrBNA
_bpor
_cBiblioteca Nacional de Agricultura
041 _a(Pt)
072 _aF30; H20
100 1 _aSantos, G.R. dos
100 1 _aLeão, E.U.
100 1 _aGarcia, M.M.V.
100 1 _aMaluf, W.R.
100 1 _aCardon, C.H.
100 1 _aGonçalves, C.G.
100 1 _aNascimento, I.R. do
245 1 _aReação de genótipos experimentais de melancia ao crestamento gomoso do caule
650 _aMELÂNCIA
650 _aCITRULLUS LANATUS
650 _aGENÓTIPO
650 _aCRESTAMENTO
650 _aCAULE
650 _aCONTROLE GENÉTICO
773 0 _tHorticultura Brasileira (Brazil)
_xISSN 0102-0536
_g(Oct-Dec 2013), v. 31(4) p. 540-548
_wBR2014001287
909 _a202311
_bLúcia
_c55
_dLúcia Elande
942 _2AGRIS
_n0
_cANA
999 _c235678
_d235678